The good person of szechwan/ (Record no. 11287)

MARC details
000 -LEADER
fixed length control field 00571nam a22002177a 4500
005 - DATE AND TIME OF LATEST TRANSACTION
control field 20260515114919.0
008 - FIXED-LENGTH DATA ELEMENTS--GENERAL INFORMATION
fixed length control field 220526b ||||| |||| 00| 0 eng d
020 ## - INTERNATIONAL STANDARD BOOK NUMBER
International Standard Book Number 9789385436154
040 ## - CATALOGING SOURCE
Original cataloging agency IN-DiNC
Transcribing agency IN-DiNC
041 ## - LANGUAGE CODE
Language code of sung or spoken text eng
082 ## - DEWEY DECIMAL CLASSIFICATION NUMBER
Classification number 822
Item number BRE
100 ## - MAIN ENTRY--PERSONAL NAME
Personal name Brect, Bertolt
Relator term author
245 ## - TITLE STATEMENT
Title The good person of szechwan/
Statement of responsibility, etc. by Bertolt Brect
250 ## - EDITION STATEMENT
Edition statement 3rd ed.
260 ## - PUBLICATION, DISTRIBUTION, ETC.
Place of publication, distribution, etc. New Delhi:
Name of publisher, distributor, etc. Bloomsbury,
Date of publication, distribution, etc. 2015.
300 ## - PHYSICAL DESCRIPTION
Extent 147p.
650 ## - SUBJECT ADDED ENTRY--TOPICAL TERM
Topical term or geographic name entry element English Drama
700 ## - ADDED ENTRY--PERSONAL NAME
Personal name Willett, John
Relator term Editor
700 ## - ADDED ENTRY--PERSONAL NAME
Personal name Manheim, Ralph
Relator term Editor
942 ## - ADDED ENTRY ELEMENTS (KOHA)
Source of classification or shelving scheme Dewey Decimal Classification
Koha item type Books
Holdings
Withdrawn status Lost status Source of classification or shelving scheme Damaged status Not for loan Collection Home library Current library Shelving location Date acquired Cost, normal purchase price Total checkouts Full call number Barcode Date last seen Date last checked out Copy number Price effective from Koha item type
    Dewey Decimal Classification       Naharkatiya College Library Naharkatiya College Library General stacks 05/26/2022 199.00 1 822 BRE 28979 06/18/2022 05/26/2022 1 05/26/2022 Books
    Dewey Decimal Classification       Naharkatiya College Library Naharkatiya College Library General stacks 05/26/2022 199.00 1 822 BRE 28980 06/09/2022 05/26/2022 2 05/26/2022 Books